Score 0/18 Timer 03:00
0 Plays Today
Hint Movie % Correct
Around the _____ in 80 Days World
97.1%
_____ LanternGreen
92.3%
3000 _____ to GracelandMiles
87.3%
The Scarlet _____Letter
86%
Cutthroat _____Island
85.6%
_____ of Persia: The Sands of TimePrince
81.3%
_____ RacerSpeed
71.8%
Battlefield _____Earth
63.7%
Heaven's _____Gate
58.7%
Hint Movie % Correct
The _____ of the VanitiesBonfire
57.3%
Mars Needs _____*Moms
54%
_____ & CountryTown
47.3%
The Adventures of _____ NashPluto
46.4%
Hudson _____Hawk
45.3%
_____ CarterJohn
45%
Treasure _____*Planet
42.5%
_____ PlanetRed
33.4%
The _____ Warrior13th
22.1%

Today's Daily Dose

Remove Ads.
Support Sporcle.
Get the best of Sporcle when you Go Orange. This ad-free experience offers more features, more stats, and more fun while also helping to support Sporcle. Thank you for becoming a member.

You're not logged in!

Compare scores with friends on all Sporcle quizzes.
OR
Log In

Show Comments

Extras

Top Quizzes Today


Score Distribution

Your Account Isn't Verified!

In order to create a playlist on Sporcle, you need to verify the email address you used during registration. Go to your Sporcle Settings to finish the process.

Report this User

Report this user for behavior that violates our Community Guidelines.

Details: